Multiple Choice City Quiz – Beirut - Statistics

General Stats
  • This quiz has been taken 10,160 times
    10,156 since last reset
  • The average score is 8 of 10
Answer Stats
Question Answer % Correct
What happened in Beirut in 2020? A gigantic explosion in the port
94%
On what sea does Beirut lie? Mediterranean Sea
90%
What Hollywood actor is married to a woman born in Beirut? George Clooney
86%
What type of trees would you see at the Al Shouf Nature Reserve near Beirut? Cedar
83%
By what nickname was Beirut known prior to the 1980s? The Paris of the Middle East
83%
What language, other than Arabic, sometimes appears on old street signs in Beirut? French
81%
What happened in Beirut in 1983? Barracks bombing killing 241 U.S. troops
77%
What ancient civilization controlled Beirut in 1000 BC? Phoenicians
63%
What small religious group has existed near Beirut for about 1000 years? Druze
61%
What branch of Christianity has its headquarters near Beirut? Maronites
40%
No matching quizzes found
Score Distribution
Percent of People with Each Score
Percentile by Number Answered
Your Score History
You have not taken this quiz since the last reset